HOW TO SELL YOURSELF (Record no. 219837)

MARC details
000 -LEADER
fixed length control field 00329nam a2200133Ia 4500
008 - FIXED-LENGTH DATA ELEMENTS--GENERAL INFORMATION
fixed length control field 250111s9999 xx 000 0 und d
020 ## - INTERNATIONAL STANDARD BOOK NUMBER
International Standard Book Number 9780446385015
100 ## - MAIN ENTRY--PERSONAL NAME
Personal name GIRARD, JOE
245 #0 - TITLE STATEMENT
Title HOW TO SELL YOURSELF
260 ## - PUBLICATION, DISTRIBUTION, ETC.
Name of publisher, distributor, etc. LIBRARY OF CONGRESS CATALOGING
Date of publication, distribution, etc. 2013
300 ## - PHYSICAL DESCRIPTION
Extent 302
650 ## - SUBJECT ADDED ENTRY--TOPICAL TERM
Topical term or geographic name entry element Sells & Service
942 ## - ADDED ENTRY ELEMENTS (KOHA)
Koha item type Book
Holdings
Withdrawn status Lost status Damaged status Not for loan Home library Current library Shelving location Date acquired Cost, normal purchase price Total Checkouts Barcode Date last seen Date last checked out Price effective from Koha item type
        Mewar University Central Library Mewar University Central Library Donated 11/01/2025 375.00 2 DN9195 17/09/2025 04/09/2025 11/01/2025 Book